| 000 | 03317cam a22003374a 4500 | ||
|---|---|---|---|
| 999 |
_c9965 _d9965 |
||
| 001 | 45620640 | ||
| 003 | OCoLC | ||
| 005 | 20241126110722.0 | ||
| 008 | 001214s2001 miuabg b 001 0 eng | ||
| 010 | _a00069199 | ||
| 020 | _a0802846602 | ||
| 020 | _a9780802846600 | ||
| 035 |
_a(OCoLC)45620640 _z(OCoLC)45767525 |
||
| 040 |
_aDLC _beng _cDLC _dUKM _dLVB _dOCLCQ _dNLGGC _dBAKER _dYDXCP _dOCLCQ _dBTCTA _dOCLCG _dIG# _dVA@ _dMNE _dBDX _dOCLCQ _dOCLCO _dOCLCA _dOCLCF _dOCLCQ |
||
| 042 | _apcc | ||
| 050 | 0 | 0 |
_aBS2825.53 _b.K64 2001 |
| 082 | 0 | 0 |
_a228.07 _221 _bKOE |
| 100 | 1 |
_aKoester, Craig R., _d1953- _917327 |
|
| 245 | 1 | 0 |
_aRevelation and the end of all things / _cCraig R. Koester. |
| 260 |
_aGrand Rapids, Mich. : _bW.B. Eerdmans, _c℗♭2001. |
||
| 300 |
_axiv, 209 pages : _billustrations, map, music ; _c23 cm |
||
| 336 |
_atext _btxt _2rdacontent |
||
| 337 |
_aunmediated _bn _2rdamedia |
||
| 338 |
_avolume _bnc _2rdacarrier |
||
| 504 | _aIncludes bibliographical references (pages xiii-xiv) and index. | ||
| 505 | 0 | 0 |
_g1. _tInterpreting the Mystery _g1 -- _tFuture Prediction or Timeless Truth? _g2 -- _tHistory, Politics, and Reform _g8 -- _tApocalyptic Fever, Disappointment, and Tragedy _g14 -- _tRapture, Tribulation, and Armageddon _g19 -- _tHistorical Study of Revelation _g26 -- _tSilence or Song? _g31 -- _tVenturing Forward _g38 -- _g2. _tChrist and the Churches (Revelation 1-3) _g41 -- _tA Revelation--A Prophecy--A Letter (1:1-8) _g42 -- _tIn the Presence of the Living One (1:9-20) _g52 -- _tNot All Readers Are Alike (2:1-3:22) _g54 -- _g3. _tScroll Unsealed (Revelation 4-7) _g71 -- _tSovereign God (4:1-11) _g72 -- _tLamb Who Was Slain (5:1-14) _g76 -- _tFirst Six Seals (6:1-17) _g81 -- _tRedeemed: 144,000 and a Great Multitude (7:1-17) _g88 -- _g4. _tTrumpets of Terror and Hope (Revelation 8-11) _g93 -- _tFirst Six Trumpets (8:1-9:21) _g94 -- _tJudgment Interrupted (10:1-11) _g101 -- _tSuffering, Witness, and Conversion (11:1-14) _g104 -- _tKingdom of the Lord (11:15-19) _g111 -- _g5. _tBeast and the Lamb (Revelation 12-15) _g115 -- _tWoman, Michael, and the Dragon (12:1-18) _g118 -- _tTwo Beasts (13:1-18) _g125 -- _tJudgment, Blessing, and Endurance (14:1-20) _g135 -- _tLord of the Nations (15:1-4) _g141 -- _g6. _tHarlot and the Bride (Revelation 15-19) _g145 -- _tSeven Bowls of Wrath (15:5-16:21) _g146 -- _tGreat Harlot (17:1-18) _g154 -- _tBabylon's Funeral (18:1-24) _g162 -- _tHallelujah, the Lord Reigns (19:1-10) _g168 -- _g7. _tEnd (Revelation 19-22) _g171 -- _tGreat Battle (19:11-21) _g173 -- _tMillennial Kingdom (20:1-6) _g180 -- _tFinal Conflict and Final Judgment (20:7-15) _g187 -- _tNew Jersualem (21:1-22:5) _g191 -- _tEnd Is Near (22:6-21) _g201. |
| 520 | 1 | _a"Craig Koester provides commentary on each section of the book of Revelation, drawing on the best recent scholarship and contemporizing his discussion with references to events like the siege at Waco, the phenomenal sales of the Left Behind series, and the use of Revelation in hymnody and art. Based on two decades of teaching Revelation to seminary students, pastors, and lay groups, this discussion strikes a balance between taking the text s first-century context seriously and making Revelation relevant to twenty-first-century readers."--Jacket. | |
| 630 | 0 | 0 |
_aBible. _pRevelation _vCommentaries. _9873 |
| 655 | 7 |
_aCommentaries. _2fast _0(OCoLC)fst01423723 _9875 |
|
| 942 |
_2ddc _cBK _02 |
||